| 000 | 00498nam a2200169 i 4500 | ||
|---|---|---|---|
| 001 | 77020 | ||
| 003 | ES-MaACL | ||
| 005 | 20230906173042.0 | ||
| 007 | t| | ||
| 008 | 041006s1982 sp ||||1| spa d | ||
| 100 | 1 |
_aGutiérrez, Francisco Joaquín. _961050 |
|
| 245 | 1 | 0 |
_aTodavía no se ha perdido Varsovia / _cFrancisco Joaquín Gutiérrez. |
| 250 | _a[1ª ed.]. | ||
| 260 |
_aMadrid : _b[Tres-Catorce-Diecisiete], _c1982. |
||
| 300 |
_a77 p. ; _c21 cm. |
||
| 852 |
_aES-MaACL _jL-2019 _bR.102705 |
||
| 999 |
_c77020 _d77020 |
||